000 00610nam a2200229Ia 4500
003 OSt
005 20220928135338.0
006 a|||||r|||| 00| 0
007 ta
008 220927b |||||||| |||| 00| 0 eng d
024 _a1346
037 _cTextual
040 _aSDCL
_cSDCL
_beng
041 _2eng
_aeng
082 _aX:327p5, N82, M3
100 _aDegoul P Ed.
_9489890
245 0 _aRegional industrial information transfer
260 _c1983
700 _a Gibb J M Ed.
_9489891
942 _hX:327p5, N82, M3
_cTEXL
_2CC
999 _c805200
_d805200